000 01454nam a2200313 a 4500
001 9165
003 BD-RjUL
005 20211208234729.0
008 140120s1963 ne x m 1 a0ita c
030 _aPIPFA7
035 _a(BD-RjUL)9210
_a(OCoLC)ocm01587090
040 _aMnMULS
_beng
_cMnMULS
_dOCoLC
_dBD-RjUL
041 _aeng
082 0 4 _223
_a530
_bINP 1963
111 2 _aInternational School of Physics "Enrico Fermi."
_928459
245 1 0 _aProceedings of the International School of Physics "Enrico Fermi" =
_bRendiconti della Scuola internazionale di fisica "Enrico Fermi."
246 3 1 _aRendiconti della Scuola internazionale di fisica "Enrico Fermi."
260 _aAmsterdam ;
_aNew York :
_bNorth-Holland,
_c1963
300 _axi, 540 p. :
_bill. ;
_c25 cm.
500 _aAt head of title: Italian Physical Society.
650 0 _aPhysics
_vCongresses.
_925786
650 6 _aPhysique
_vCollections.
_928449
710 2 _aSocietà italiana di fisica.
_925925
776 0 8 _iOnline version:
_aInternational School of Physics "Enrico Fermi."
_tProceedings of the International School of Physics "Enrico Fermi"
_w(OCoLC)562615681
780 0 0 _aInternational School of Physics "Enrico Fermi."
_tRendiconti della Scuola internazionale di fisica "Enrico Fermi"
_x0505-0189
_w(DLC)sf 93032033
_w(OCoLC)1469586
942 _2ddc
_cBK
999 _c9165
_d9165